000
00249nam a2200109Ia 4500
008
240625s9999 xx 000 0 und d
041
_a
eng
082
_a
658.3 DEC
100
_a
DECENZO DAVID A
245
_a
HUMAN RESOURCE MANAGEMENT
260
_c
2012
999
_c
38264
_d
38264